<?xml version="1.0" encoding="UTF-8"?><?xml-stylesheet type="text/xsl" href="static/style.xsl"?><OAI-PMH xmlns="http://www.openarchives.org/OAI/2.0/" xmlns:xsi="http://www.w3.org/2001/XMLSchema-instance" xsi:schemaLocation="http://www.openarchives.org/OAI/2.0/ http://www.openarchives.org/OAI/2.0/OAI-PMH.xsd"><responseDate>2026-04-13T07:35:25Z</responseDate><request verb="GetRecord" identifier="oai:www.recercat.cat:2445/162330" metadataPrefix="marc">https://recercat.cat/oai/request</request><GetRecord><record><header><identifier>oai:recercat.cat:2445/162330</identifier><datestamp>2025-12-04T21:40:36Z</datestamp><setSpec>com_2072_1057</setSpec><setSpec>col_2072_478917</setSpec><setSpec>col_2072_478933</setSpec></header><metadata><record xmlns="http://www.loc.gov/MARC21/slim" xmlns:dcterms="http://purl.org/dc/terms/" xmlns:xsi="http://www.w3.org/2001/XMLSchema-instance" xmlns:doc="http://www.lyncode.com/xoai" xsi:schemaLocation="http://www.loc.gov/MARC21/slim http://www.loc.gov/standards/marcxml/schema/MARC21slim.xsd">
   <leader>00925njm 22002777a 4500</leader>
   <datafield ind2=" " ind1=" " tag="042">
      <subfield code="a">dc</subfield>
   </datafield>
   <datafield ind2=" " ind1=" " tag="720">
      <subfield code="a">Gonzálvez, Miguel A.</subfield>
      <subfield code="e">author</subfield>
   </datafield>
   <datafield ind2=" " ind1=" " tag="720">
      <subfield code="a">Gallen Ortiz, Albert</subfield>
      <subfield code="e">author</subfield>
   </datafield>
   <datafield ind2=" " ind1=" " tag="720">
      <subfield code="a">Ferrer García, Montserrat</subfield>
      <subfield code="e">author</subfield>
   </datafield>
   <datafield ind2=" " ind1=" " tag="720">
      <subfield code="a">Martínez López, Manuel, 1957-</subfield>
      <subfield code="e">author</subfield>
   </datafield>
   <datafield ind2=" " ind1=" " tag="260">
      <subfield code="c">2020-05-25T16:09:25Z</subfield>
   </datafield>
   <datafield ind2=" " ind1=" " tag="260">
      <subfield code="c">2021-01-13T06:10:19Z</subfield>
   </datafield>
   <datafield ind2=" " ind1=" " tag="260">
      <subfield code="c">2020-01-13</subfield>
   </datafield>
   <datafield ind2=" " ind1=" " tag="260">
      <subfield code="c">2020-05-25T16:09:26Z</subfield>
   </datafield>
   <datafield ind2=" " ind1=" " tag="520">
      <subfield code="a">Novel types of water-soluble anionic cubic cages, K4[{CoIII(Me3-Tacn)}4{FeII(CN)6}4] and Na4[{CoIII(Me3-Tacn)}4{FeII(CN)6}4] (Me3-Tacn = 1,4,7-trimethyl-1,4,7-triazacyclononane), were prepared by means of a mechanistically designed self-assembly process between [Co(Me3-Tacn)Cl3] and A4[FeII(CN)6] (M = Na or K), consisting of a rate-limiting outer-sphere redox step, followed by a fast substitution/inner-sphere redox reaction sequence. These compounds show remarkable stability in aqueous solution at different pH ranges, displaying neat protonation processes and reversible oxidation with peroxodisulfate to its neutral {FeIII4CoIII4} form. Furthermore, the cages behave as a robust and water-soluble molecular Prussian Blue analogue capable of encapsulating {Na-OH2}+ pairs and K+ cations in aqueous solution, with the cubic structure of the complex being preserved. Substitution of the {Na-OH2}+ pairs by K+ is easily accomplished, and the electrochemical properties of the sodium and potassium salts of the new cages have been found to be dramatically dependent on the encapsulated units.</subfield>
   </datafield>
   <datafield tag="653" ind2=" " ind1=" ">
      <subfield code="a">Cobalt</subfield>
   </datafield>
   <datafield tag="653" ind2=" " ind1=" ">
      <subfield code="a">Compostos heterocíclics</subfield>
   </datafield>
   <datafield tag="653" ind2=" " ind1=" ">
      <subfield code="a">Lligands</subfield>
   </datafield>
   <datafield tag="653" ind2=" " ind1=" ">
      <subfield code="a">Cobalt</subfield>
   </datafield>
   <datafield tag="653" ind2=" " ind1=" ">
      <subfield code="a">Heterocyclic compounds</subfield>
   </datafield>
   <datafield tag="653" ind2=" " ind1=" ">
      <subfield code="a">Ligands</subfield>
   </datafield>
   <datafield ind2="0" ind1="0" tag="245">
      <subfield code="a">Self-assembly and properties of a discrete water-soluble Prussian blue analogue FeII/CoIII cube: confinement of a water molecule in aqueous solution</subfield>
   </datafield>
</record></metadata></record></GetRecord></OAI-PMH>